Koherence rozvojové politiky Evropské unie - směrem k rozvoji ?

Koherencia, koherencia vnútorná, koherencia vonkajšia - pojmy, definície. Podstata koceptu koherencie v EÚ. Rôzne druhy in/koherencie: inštitucionálny pohľad. Naplňovanie konceptu koherencie v EÚ. 3C - koherencia, koordinácia, komplementarita.

Gespeichert in:
Bibliographische Detailangaben
1. Verfasser: Němečková, Tereza
Format: Buchkapitel
Sprache:Tschechisch
Schlagworte:
Tags: Tag hinzufügen
Keine Tags, Fügen Sie das erste Tag hinzu!

MARC

LEADER 00000naa$a2200000$$$4500
001 0050605
005 20220504114144.5
041 0 |a cze 
044 |a SK 
245 1 0 |a Koherence rozvojové politiky Evropské unie - směrem k rozvoji ?  |c Tereza Němečková 
520 |a Koherencia, koherencia vnútorná, koherencia vonkajšia - pojmy, definície. Podstata koceptu koherencie v EÚ. Rôzne druhy in/koherencie: inštitucionálny pohľad. Naplňovanie konceptu koherencie v EÚ. 3C - koherencia, koordinácia, komplementarita. 
610 2 0 |a Európska únia 
610 2 0 |a pomoc rozvojová 
610 2 0 |a politika 
610 2 0 |a spolupráca medzinárodná 
610 2 0 |a koordinácia 
100 1 |a Němečková, Tereza